000 00807nam a2200253Ia 4500
003 OSt
005 20220923213738.0
006 a|||||r|||| 00| 0
007 ta
008 220922b |||||||| |||| 00| 0 hin d
024 _a164,323
037 _cTextual
040 _aARTS
_cARTS
_bhin
041 _2hin
_ahin
082 _aO152,1M89:g, J0
100 _aसुमन, रामनाथ
_9156291
245 0 _aकवि प्रसाद की काव्य साधना
246 _aKavi prasād kī kāvya sādhanā
260 _c1950
490 _aसाहित्य सुमन माला - 5
650 _aहिन्दी साहित्य
_9156264
942 _hO152,1M89:g, J0
_cTEXL
_2CC
999 _c318803
_d318803